000 00816nam a2200229Ia 4500
003 GCL
008 140319s9999 xx 000 0 ara d
040 _aGCL /
_cGCL
082 0 4 _aق
_b932.05
_bم هـ
100 1 _aمحمد العزب موسى
245 1 0 _aهزيمة الهكسوس : أول ثورة تحريرية فى التاريخ /
_cمحمد العزب موسى
700 1 _aشكرى محمد عياد
260 _aالقاهرة :
_bدار الكاتب للطباعة والنشر
300 _a96 ص ؛
_c18 سم
490 _aالمكتبة الثقافية
_v178
650 0 4 _aالحضارة الفرعونية
650 0 4 _aالدولة الوسطى (2260-1580 ق م
650 0 4 _aكامس
650 0 4 _aالهكسوس
650 0 4 _aمصر القديمة - تاريخ
942 _2ddc
_cBK
999 _c36551
_d36551